[Event "SLO-chT U16"]
[Site "Nova Gorica"]
[Date "2019.05.26"]
[Round "5"]
[White "Cimperman, Teo"]
[Black "Kastrevec, Andrej"]
[Result "0-1"]
[WhiteElo "1275"]
[BlackElo "1288"]
[PlyCount "84"]
[EventDate "2019.05.24"]
[EventType "team-swiss"]
[EventRounds "5"]
[EventCountry "SLO"]
[SourceTitle "EXT 2020"]
[Source "ChessBase"]
[SourceDate "2019.10.17"]
[SourceVersion "1"]
[SourceVersionDate "2019.10.17"]
[SourceQuality "1"]

1. e4 e5 2. Nf3 Nc6 3. Bc4 Bc5 4. 0-0 Nf6 5. d3 h6 6. c3 d6 7. h3 0-0 8. Nbd2 Re8 9. Re1 a6 10. Nf1 d5 11. exd5 Nxd5 12. d4 Nb6 13. Bxf7+ Kxf7 14. dxc5 Nd5 15. Ne3 Nf4 16. Qc2 e4 17. Rd1 Qf6 18. Ne1 Qg6 19. Kh2 Be6 20. Nf1 Nh5 21. Ng3 Nxg3 22. fxg3 Rad8 23. Rxd8 Rxd8 24. Qf2+ Kg8 25. Bf4 Qf5 26. Qe3 Rd7 27. b4 g5 28. Rb1 gxf4 29. gxf4 Bc4 30. g4 Qd5 31. Rb2 Ne7 32. Rg2 Ng6 33. Kg1 Bb5 34. g5 h5 35. a4 Bc4 36. Rf2 Qf5 37. Nc2 Rd3 38. Qe1 Qxh3 39. Rg2 Nxf4 40. Ne3 Rxe3 41. Qf2 Re1+ 42. Qxe1 Qxg2# 0-1

[Event "SLO-chT U16"]
[Site "Nova Gorica"]
[Date "2019.05.24"]
[Round "1"]
[White "Despotovic, Pavle"]
[Black "Kastrevec, Andrej"]
[Result "1/2-1/2"]
[WhiteElo "1073"]
[BlackElo "1288"]
[PlyCount "129"]
[EventDate "2019.05.24"]
[EventType "team-swiss"]
[EventRounds "5"]
[EventCountry "SLO"]
[SourceTitle "EXT 2020"]
[Source "ChessBase"]
[SourceDate "2019.10.17"]
[SourceVersion "1"]
[SourceVersionDate "2019.10.17"]
[SourceQuality "1"]

1. d4 Nf6 2. c4 e6 3. Nc3 d5 4. Bg5 Be7 5. Nf3 h6 6. Bh4 b6 7. e3 Bb7 8. Be2 0-0 9. 0-0 dxc4 10. Bxc4 Ne4 11. Bxe7 Qxe7 12. Nxe4 Bxe4 13. Bd3 Bxd3 14. Qxd3 Nd7 15. Rac1 c5 16. b3 Rfd8 17. Qe4 Nf6 18. Qc2 Rac8 19. Qe2 Rc7 20. Ne5 Nd7 21. Nxd7 Rdxd7 22. Rfd1 cxd4 23. Rxc7 Rxc7 24. Rxd4 Rc1+ 25. Rd1 Qa3 26. Rxc1 Qxc1+ 27. Qf1 Qb2 28. Qa6 Qb1+ 29. Qf1 Qxa2 30. Qd1 Qa6 31. Qd8+ Kh7 32. g3 f6 33. Qd6 e5 34. Qd7 Qa1+ 35. Kg2 Qc3 36. Qf5+ Kh8 37. Qb1 a5 38. Qa2 b5 39. Qa3 a4 40. Qf8+ Kh7 41. bxa4 bxa4 42. Qb8 Qb3 43. Qa8 Qc2 44. Qa5 Qc6+ 45. Kh3 Qe4 46. Qa6 Qc2 47. Kg2 Qb3 48. Qe2 a3 49. Qf3 Qb1 50. e4 Qb4 51. Qf5+ Kg8 52. Qe6+ Kf8 53. Qc8+ Kf7 54. Qd7+ Qe7 55. Qd5+ Kg6 56. Qa2 Kh7 57. h4 Qb4 58. Qc2 Qd4 59. Qb1 Qb2 60. Qd1 f5 61. exf5 Qb7+ 62. f3 Qb2+ 63. Kh3 Qd4 64. Qb3 Qd6 65. Qc2 1/2-1/2

[Event "Otocec Krka Terme op"]
[Site "Otocec"]
[Date "2018.12.26"]
[Round "5"]
[White "Kastrevec, Andrej"]
[Black "Brinovar, Rosa"]
[Result "1-0"]
[WhiteElo "1159"]
[BlackElo "1575"]
[PlyCount "113"]
[EventDate "2018.12.25"]
[EventType "swiss"]
[EventRounds "9"]
[EventCountry "SLO"]
[SourceTitle "EXT 2020"]
[Source "ChessBase"]
[SourceDate "2019.10.17"]
[SourceVersion "1"]
[SourceVersionDate "2019.10.17"]
[SourceQuality "1"]

1. e4 c5 2. Nf3 Qa5 3. Nc3 Nf6 4. d4 a6 5. dxc5 Qxc5 6. Be3 Qb4 7. Rb1 Ng4 8. Qd2 e6 9. a3 Qa5 10. Be2 Nxe3 11. Qxe3 Bc5 12. Qg5 0-0 13. b4 h6 14. Qxc5 Qxa3 15. 0-0 d6 16. Qc4 Nc6 17. Bd3 e5 18. Qb3 Qxb3 19. Rxb3 Be6 20. Rbb1 Rac8 21. Na4 b5 22. Nb6 Rb8 23. Nd5 Rb7 24. Rb2 Nd4 25. Nxd4 exd4 26. Re1 f5 27. e5 Bxd5 28. exd6 Rd7 29. Re5 Rxd6 30. Rxf5 Rxf5 31. Bxf5 Rf6 32. Bd3 Re6 33. Rb1 Ba2 34. Ra1 Bd5 35. h3 Kf7 36. Kh2 Kf6 37. Rd1 Ke5 38. Kg3 Rf6 39. Re1+ Kd6 40. f4 Kd7 41. Rd1 h5 42. Rd2 Kc6 43. Re2 Kb6 44. Re5 Bc6 45. Rxh5 g6 46. Rh6 Be8 47. f5 a5 48. bxa5+ Kxa5 49. fxg6 Bc6 50. g7 Rf3+ 51. gxf3 Bd5 52. Rg6 Bg8 53. Rd6 b4 54. Rd8 Be6 55. g8Q Bxg8 56. Rxg8 Ka4 57. Ra8# 1-0

[Event "SLO-chT3 West"]
[Site "Komenda"]
[Date "2017.12.09"]
[Round "3.4"]
[White "Bedic, Slavko"]
[Black "Kastrevec, Andrej"]
[Result "1-0"]
[WhiteElo "1867"]
[BlackElo "1162"]
[PlyCount "73"]
[EventDate "2017.12.08"]
[EventType "team-swiss"]
[EventRounds "5"]
[EventCountry "SLO"]
[SourceTitle "EXT 2019"]
[Source "ChessBase"]
[SourceDate "2018.10.10"]
[SourceVersion "1"]
[SourceVersionDate "2018.10.10"]
[SourceQuality "1"]
[WhiteTeam "Kolpi Stari Trg"]
[BlackTeam "Novo Mesto Krka II"]
[WhiteTeamCountry "SLO"]
[BlackTeamCountry "SLO"]

1. c4 c5 2. Nf3 Nf6 3. g3 g6 4. Bg2 Bg7 5. 0-0 Nc6 6. e3 0-0 7. Nc3 e6 8. d4 b6 9. Re1 Bb7 10. d5 Ne7 11. e4 d6 12. dxe6 fxe6 13. Ng5 e5 14. Ne6 Qd7 15. Nxf8 Rxf8 16. Nd5 Nc6 17. Be3 Ng4 18. Bh3 Nxe3 19. Bxd7 Nxd1 20. Bxc6 Bxc6 21. Raxd1 Bxd5 22. Rxd5 Rd8 23. Red1 Bf8 24. Rxe5 Bg7 25. Red5 Bd4 26. Rd2 Kf7 27. Kg2 Ke6 28. f4 Rf8 29. Kf3 a6 30. R2xd4 cxd4 31. Rxd4 Rc8 32. Ke3 b5 33. Kd3 bxc4+ 34. Rxc4 Rb8 35. b3 d5 36. Rc6+ Kd7 37. exd5 1-0

[Event "SLO-ch U14"]
[Site "Ptuj"]
[Date "2017.03.03"]
[Round "9"]
[White "Lencek Kranjec, Jozi"]
[Black "Kastrevec, Andrej"]
[Result "0-1"]
[WhiteElo "1320"]
[BlackElo "1107"]
[PlyCount "84"]
[EventDate "2017.02.25"]
[EventType "swiss"]
[EventRounds "9"]
[EventCountry "SLO"]
[SourceTitle "CBM 177 Extra"]
[Source "ChessBase"]
[SourceDate "2017.04.27"]
[SourceVersion "1"]
[SourceVersionDate "2017.04.27"]
[SourceQuality "1"]

1. e4 e5 2. Nf3 Nc6 3. Bb5 a6 4. Ba4 Nf6 5. d3 b5 6. Bb3 Bc5 7. 0-0 d6 8. h3 0-0 9. c3 Re8 10. Bc2 d5 11. Bg5 h6 12. Bh4 Be6 13. d4 exd4 14. cxd4 Be7 15. e5 Nd7 16. Bg3 Nb4 17. Bb3 c5 18. a3 Nc6 19. dxc5 Nxc5 20. Bc2 d4 21. b4 Nb7 22. Be4 Bd5 23. Re1 Qd7 24. Nxd4 Bxe4 25. Rxe4 Rad8 26. e6 fxe6 27. Qf3 Nxd4 28. Rxd4 Qxd4 29. Qxb7 Qxa1 30. Qe4 Rd1+ 31. Kh2 Qxb1 32. Qxe6+ Kh8 33. Be5 Rh1+ 34. Kg3 Bh4+ 35. Kxh4 Rxe6 36. Bg3 Re4+ 37. Kh5 Re6 38. Kh4 g5+ 39. Kh5 Qg6+ 40. Kg4 h5+ 41. Kf3 Qf5+ 42. Bf4 Qxf4# 0-1

[Event "SLO-ch U14"]
[Site "Ptuj"]
[Date "2017.02.26"]
[Round "2"]
[White "Kastrevec, Andrej"]
[Black "Vah, Denis"]
[Result "0-1"]
[WhiteElo "1107"]
[BlackElo "1371"]
[PlyCount "170"]
[EventDate "2017.02.25"]
[EventType "swiss"]
[EventRounds "9"]
[EventCountry "SLO"]
[SourceTitle "CBM 177 Extra"]
[Source "ChessBase"]
[SourceDate "2017.04.27"]
[SourceVersion "1"]
[SourceVersionDate "2017.04.27"]
[SourceQuality "1"]

1. e4 e5 2. Nf3 Nc6 3. Bc4 Bc5 4. 0-0 Nf6 5. d3 d6 6. h3 a6 7. Nc3 h6 8. a3 0-0 9. Qe2 Be6 10. Ba2 Nd4 11. Nxd4 Bxd4 12. Bd2 Qd7 13. Qf3 Nh7 14. Qg3 Kh8 15. Kh1 c6 16. f4 Bxa2 17. Rxa2 Nf6 18. Qh4 Nh7 19. Raa1 exf4 20. Bxf4 g5 21. Qxh6 gxf4 22. Qxf4 Be5 23. Qe3 Bf6 24. Rf5 Rae8 25. Qf3 Bg7 26. Rf1 f6 27. Ne2 Re5 28. Rf4 d5 29. Ng3 dxe4 30. Nxe4 Ng5 31. Qh5+ Nh7 32. Qh4 Qd8 33. Ng3 Qe8 34. Qg4 Rg8 35. Rf5 Rxf5 36. Nxf5 Bh6 37. Qh4 Bg5 38. Qb4 Qe2 39. Re1 Qf2 40. Qe4 Bd2 41. Rd1 Qf4 42. Qe6 Qg5 43. Qe4 Bf4 44. Ne7 Qg3 45. Kg1 Qh2+ 46. Kf2 Qg3+ 47. Kf1 Be3 48. Qf3 Qxf3+ 49. gxf3 Rg1+ 50. Ke2 Rxd1 51. Kxd1 Bc5 52. Ng6+ Kg7 53. Nf4 Kf7 54. h4 Bf2 55. Ng2 Nf8 56. Ke2 Bb6 57. f4 Kg6 58. Kf3 Kh5 59. b3 f5 60. c3 Ng6 61. Kg3 Bd8 62. Ne3 Bxh4+ 63. Kf3 Ne7 64. c4 Bf6 65. a4 Ng6 66. Kg3 Bd8 67. Nxf5 Bc7 68. Ng7+ Kh6 69. Ne6 Bd6 70. Kg4 Kh7 71. f5 Ne5+ 72. Kg5 Nxd3 73. Nd4 Nc5 74. f6 a5 75. Kf5 Kg8 76. Ne6 Nxb3 77. Nd8 Nc5 78. f7+ Kh8 79. Kg6 Be7 80. Kh6 Bf8+ 81. Kg6 Bg7 82. Kf5 Kh7 83. Ne6 Nxa4 84. Nxg7 Kxg7 85. Ke6 Kf8 0-1

[Event "SLO-ch U14"]
[Site "Ptuj"]
[Date "2017.02.25"]
[Round "1"]
[White "Stern, Urban"]
[Black "Kastrevec, Andrej"]
[Result "1-0"]
[WhiteElo "1487"]
[BlackElo "1107"]
[PlyCount "79"]
[EventDate "2017.02.25"]
[EventType "swiss"]
[EventRounds "9"]
[EventCountry "SLO"]
[SourceTitle "CBM 177 Extra"]
[Source "ChessBase"]
[SourceDate "2017.04.27"]
[SourceVersion "1"]
[SourceVersionDate "2017.04.27"]
[SourceQuality "1"]

1. c4 d5 2. cxd5 Qxd5 3. Nc3 Qd8 4. g3 Nf6 5. Bg2 e5 6. Nf3 Nc6 7. d3 h6 8. Bd2 Bc5 9. a3 0-0 10. b4 Bd4 11. 0-0 Re8 12. Nxd4 Nxd4 13. Be3 c6 14. Bxd4 Qxd4 15. Ne4 Nxe4 16. Bxe4 Bg4 17. Bg2 Qd7 18. Rc1 Rac8 19. Rc4 f6 20. Qc2 Rc7 21. Rd1 a6 22. d4 exd4 23. Rdxd4 Rxe2 24. Rxd7 Rxc2 25. Rd8+ Kf7 26. Rxc2 Re7 27. f4 Bf5 28. Rcd2 Re3 29. Rb8 Rxa3 30. Rxb7+ Kg6 31. Bxc6 Ra1+ 32. Kg2 Rb1 33. h3 h5 34. Bf3 Be6 35. g4 hxg4 36. hxg4 Bc4 37. Be4+ Kh6 38. Bxb1 Bd5+ 39. Kg3 Bxb7 40. Rh2# 1-0